=LDR 00000nam 2200000 4500 =001 INLIS000000000018045 =005 20130612113226 =008 ***********************************Ind** =035 ##$$0010-061300000018045 =041 ##$$a Ind =082 ##$$a 631.541 =090 ##$$a 631.541, Wud m =100 ##$$a Wudianto, Rini =245 ##$$a Membuat setek, Cangkok dan okulasi, Ir. Rini Wudianto =260 ##$$a 2005 $b Jakarta =300 ##$$a xi, 177 hlm, ilus, 21 cm =650 ##$$a Okulasi =850 ##$$a NBPNMAT =990 ##$$a 0001/BPAP-NTB/20142014 =990 ##$$a 0370/BPAP-NTB/2015 =990 ##$$a 0001/BPAP-NTB/2016